| 000 -LEADER |
| fixed length control field |
02177cam a22006137a 4500 |
| 001 - CONTROL NUMBER |
| control field |
7919562 |
| 003 - CONTROL NUMBER IDENTIFIER |
| control field |
OSt |
| 005 - DATE AND TIME OF LATEST TRANSACTION |
| control field |
20210901160300.0 |
| 006 - FIXED-LENGTH DATA ELEMENTS--ADDITIONAL MATERIAL CHARACTERISTICS |
| fixed length control field |
m d |
| 007 - PHYSICAL DESCRIPTION FIXED FIELD--GENERAL INFORMATION |
| fixed length control field |
cr n |
| 008 - FIXED-LENGTH DATA ELEMENTS--GENERAL INFORMATION |
| fixed length control field |
090301s2009 gw a sb 001 0 eng d |
| 015 ## - NATIONAL BIBLIOGRAPHY NUMBER |
| National bibliography number |
GBA910838 |
| Source |
bnb |
| 015 ## - NATIONAL BIBLIOGRAPHY NUMBER |
| National bibliography number |
09,A19,0903 |
| Source |
dnb |
| 015 ## - NATIONAL BIBLIOGRAPHY NUMBER |
| National bibliography number |
09,N05,0063 |
| Source |
dnb |
| 016 7# - NATIONAL BIBLIOGRAPHIC AGENCY CONTROL NUMBER |
| Record control number |
991139844 |
| Source |
DE-101 |
| 016 7# - NATIONAL BIBLIOGRAPHIC AGENCY CONTROL NUMBER |
| Record control number |
014895113 |
| Source |
Uk |
| 020 ## - INTERNATIONAL STANDARD BOOK NUMBER |
| International Standard Book Number |
9783540921721 (hbk.) |
| 028 52 - PUBLISHER NUMBER |
| Publisher number |
12582853 |
| 035 ## - SYSTEM CONTROL NUMBER |
| System control number |
(WaSeSS)ssj0000318901 |
| 038 ## - RECORD CONTENT LICENSOR |
| Staff Name |
khadija |
| 040 ## - CATALOGING SOURCE |
| Original cataloging agency |
UKM |
| Language of cataloging |
eng |
| Transcribing agency |
UKM |
| Modifying agency |
YDXCP |
| -- |
BWX |
| -- |
TXH |
| -- |
VGM |
| -- |
MUQ |
| -- |
GBVCP |
| -- |
DEBBG |
| -- |
OCL |
| -- |
DLC |
| -- |
WaSeSS |
| 042 ## - AUTHENTICATION CODE |
| Authentication code |
ukblcatcopy |
| -- |
lccopycat |
| 050 #4 - LIBRARY OF CONGRESS CALL NUMBER |
| Classification number |
T57.84 |
| Item number |
.D37 2009 |
| 050 #4 - LIBRARY OF CONGRESS CALL NUMBER |
| Classification number |
T57.84 |
| 082 04 - DEWEY DECIMAL CLASSIFICATION NUMBER |
| Classification number |
006.3 |
| Edition number |
22 |
| Author Mark |
DAS |
| 084 ## - OTHER CLASSIFICATION NUMBER |
| Classification number |
004 |
| Number source |
sdnb |
| 084 ## - OTHER CLASSIFICATION NUMBER |
| Classification number |
510 |
| Number source |
sdnb |
| 084 ## - OTHER CLASSIFICATION NUMBER |
| Classification number |
QH 234 |
| Number source |
rvk |
| 100 1# - MAIN ENTRY--PERSONAL NAME |
| Personal name |
Das, Swagatam. |
| 9 (RLIN) |
82052 |
| 210 10 - ABBREVIATED TITLE |
| Abbreviated title |
Metaheuristic clustering |
| 245 10 - TITLE STATEMENT |
| Title |
Metaheuristic Clustering / |
| Statement of responsibility, etc. |
Swagatam Das, Ajith Abraham, Amit Konar. |
| 260 ## - PUBLICATION, DISTRIBUTION, ETC. |
| Place of publication, distribution, etc. |
Berlin : |
| Name of publisher, distributor, etc. |
Springer, |
| Date of publication, distribution, etc. |
c2009. |
| 490 1# - SERIES STATEMENT |
| Series statement |
Studies in computational intelligence, |
| International Standard Serial Number |
1860-949X ; |
| Volume/sequential designation |
v. 178 |
| 504 ## - BIBLIOGRAPHY, ETC. NOTE |
| Bibliography, etc. note |
Includes bibliographical references and index. |
| 506 ## - RESTRICTIONS ON ACCESS NOTE |
| Terms governing access |
License restrictions may limit access. |
| 563 ## - BINDING INFORMATION |
| Binding note |
hard cover |
| 650 #0 - SUBJECT ADDED ENTRY--TOPICAL TERM |
| Topical term or geographic name entry element |
Heuristic programming. |
| 9 (RLIN) |
82053 |
| 650 #0 - SUBJECT ADDED ENTRY--TOPICAL TERM |
| Topical term or geographic name entry element |
Cluster analysis. |
| 9 (RLIN) |
82054 |
| 650 #0 - SUBJECT ADDED ENTRY--TOPICAL TERM |
| Topical term or geographic name entry element |
Data mining. |
| 650 #6 - SUBJECT ADDED ENTRY--TOPICAL TERM |
| Topical term or geographic name entry element |
Programmation heuristique. |
| 9 (RLIN) |
82055 |
| 650 #6 - SUBJECT ADDED ENTRY--TOPICAL TERM |
| Topical term or geographic name entry element |
Classification automatique (Statistique) |
| 9 (RLIN) |
82056 |
| 650 #6 - SUBJECT ADDED ENTRY--TOPICAL TERM |
| Topical term or geographic name entry element |
Exploration de données (Informatique) |
| 9 (RLIN) |
82057 |
| 650 #4 - SUBJECT ADDED ENTRY--TOPICAL TERM |
| Topical term or geographic name entry element |
Cluster-Analyse |
| General subdivision |
Metaheuristik |
| -- |
Evolutionärer Algorithmus. |
| 9 (RLIN) |
82058 |
| 650 07 - SUBJECT ADDED ENTRY--TOPICAL TERM |
| Topical term or geographic name entry element |
Cluster-Analyse. |
| Source of heading or term |
swd |
| 9 (RLIN) |
82059 |
| 650 07 - SUBJECT ADDED ENTRY--TOPICAL TERM |
| Topical term or geographic name entry element |
Evolutionärer Algorithmus. |
| Source of heading or term |
swd |
| 9 (RLIN) |
82060 |
| 650 07 - SUBJECT ADDED ENTRY--TOPICAL TERM |
| Topical term or geographic name entry element |
Metaheuristik. |
| Source of heading or term |
swd |
| 9 (RLIN) |
82061 |
| 700 1# - ADDED ENTRY--PERSONAL NAME |
| Personal name |
Abraham, Ajith, |
| Dates associated with a name |
1968- |
| 9 (RLIN) |
82043 |
| 700 1# - ADDED ENTRY--PERSONAL NAME |
| Personal name |
Konar, Amit. |
| 9 (RLIN) |
82062 |
| 773 #0 - HOST ITEM ENTRY |
| Title |
SpringerLink ebooks - Engineering (2009) |
| 830 #0 - SERIES ADDED ENTRY--UNIFORM TITLE |
| Uniform title |
Studies in computational intelligence ; |
| Volume/sequential designation |
v. 178. |
| 9 (RLIN) |
81268 |
| 856 40 - ELECTRONIC LOCATION AND ACCESS |
| Uniform Resource Identifier |
<a href="http://www.columbia.edu/cgi-bin/cul/resolve?clio7919562">http://www.columbia.edu/cgi-bin/cul/resolve?clio7919562</a> |
| Public note |
Full text available from SpringerLink ebooks - Engineering (2009) |
| 910 ## - USER-OPTION DATA (OCLC) |
| User-option data |
Library of Congress record |
| 942 ## - ADDED ENTRY ELEMENTS (KOHA) |
| Source of classification or shelving scheme |
|
| Koha item type |
Book |